Normal view
MARC view
Entry Topical Term
001 - CONTROL NUMBER
- control field: 3149
003 - CONTROL NUMBER IDENTIFIER
- control field: ARRUPE
005 - DATE AND TIME OF LATEST TRANSACTION
- control field: 20131104173411.0
008 - FIXED-LENGTH DATA ELEMENTS
- fixed length control field: 131104|| aca||aabn | a|a d
040 ## - CATALOGING SOURCE
- Original cataloging agency: ARRUPE
- Transcribing agency: ARRUPE
150 ## - HEADING--TOPICAL TERM
- Topical term or geographic name as entry element: Fathers of the church.
670 ## - SOURCE DATA FOUND
- Source citation: Work cat.: (ARRUPE)0: Benedict XVI, Pope, 1927- 3148, The Fathers of the church :, 2009.